Transition economics : (Record no. 16368)
[ view plain ]
| 000 -LEADER | |
|---|---|
| fixed length control field | 01668cam a22003134a 4500 |
| 001 - CONTROL NUMBER | |
| control field | 16209591 |
| 005 - DATE AND TIME OF LATEST TRANSACTION | |
| control field | 20111229203812.0 |
| 008 - FIXED-LENGTH DATA ELEMENTS--GENERAL INFORMATION | |
| fixed length control field | 100429s2011 enkab b 001 0 eng |
| 020 ## - INTERNATIONAL STANDARD BOOK NUMBER | |
| International Standard Book Number | 9780415438810 (hbk) |
| 020 ## - INTERNATIONAL STANDARD BOOK NUMBER | |
| International Standard Book Number | 9780415438827 (pbk) |
| 020 ## - INTERNATIONAL STANDARD BOOK NUMBER | |
| International Standard Book Number | 9780203842911 (ebk) |
| 040 ## - CATALOGING SOURCE | |
| Original cataloging agency | DLC |
| Transcribing agency | DLC |
| Modifying agency | DLC |
| 082 00 - DEWEY DECIMAL CLASSIFICATION NUMBER | |
| Classification number | 330.126 |
| Edition number | 22 |
| Item number | TUR |
| 100 1# - MAIN ENTRY--PERSONAL NAME | |
| Personal name | Turley, Gerard. |
| 9 (RLIN) | 28531 |
| 245 10 - TITLE STATEMENT | |
| Title | Transition economics : |
| Remainder of title | two decades on / |
| Statement of responsibility, etc | Gerard Turley and Peter J. Luke. |
| 260 ## - PUBLICATION, DISTRIBUTION, ETC. (IMPRINT) | |
| Place of publication, distribution, etc | London ; |
| -- | New York : |
| Name of publisher, distributor, etc | Routledge, |
| Date of publication, distribution, etc | 2011. |
| 300 ## - PHYSICAL DESCRIPTION | |
| Extent | xv, 483 p. : |
| Other physical details | ill., maps ; |
| Dimensions | 26 cm. |
| 504 ## - BIBLIOGRAPHY, ETC. NOTE | |
| Bibliography, etc | Includes bibliographical references (p. 445-465) and index. |
| 505 0# - FORMATTED CONTENTS NOTE | |
| Formatted contents note | Pre-transition : the socialist system -- Stylised facts of transition : two decades on -- Initial conditions at the outset of transition -- Paradigms of transition -- Transition reforms and economic policies -- Enterprise reform and restructuring -- Performance and transition outcomes -- Labour markets in transition : a focus on Russia and China -- Economic transition : Russia versus China -- Lessons from transition. |
| 650 #0 - SUBJECT ADDED ENTRY--TOPICAL TERM | |
| Topical term or geographic name as entry element | Economic history |
| Form subdivision | Case studies. |
| 9 (RLIN) | 28532 |
| 650 #0 - SUBJECT ADDED ENTRY--TOPICAL TERM | |
| Topical term or geographic name as entry element | Mixed economy |
| Form subdivision | Case studies. |
| 9 (RLIN) | 28533 |
| 650 #0 - SUBJECT ADDED ENTRY--TOPICAL TERM | |
| Topical term or geographic name as entry element | Structural adjustment (Economic policy) |
| Form subdivision | Case studies. |
| 9 (RLIN) | 28534 |
| 650 #0 - SUBJECT ADDED ENTRY--TOPICAL TERM | |
| Topical term or geographic name as entry element | Social change |
| Form subdivision | Case studies. |
| 9 (RLIN) | 28535 |
| 653 ## - INDEX TERM--UNCONTROLLED | |
| Resource For college | |
| Arrived date list | February2012 |
| 700 1# - ADDED ENTRY--PERSONAL NAME | |
| Personal name | Luke, Peter J. |
| 9 (RLIN) | 28536 |
| 942 ## - ADDED ENTRY ELEMENTS (KOHA) | |
| Source of classification or shelving scheme | Dewey Decimal Classification |
| Item type | Book - Borrowing |
| Withdrawn status | Item status | Source of classification or shelving scheme | Damaged status | Not for loan | Vendor | Home library | Current library | Shelving location | Date acquired | Source of acquisition | Cost, normal purchase price | Serial Enumeration / chronology | Total Checkouts | Full call number | Barcode | Date last seen | Koha item type |
|---|---|---|---|---|---|---|---|---|---|---|---|---|---|---|---|---|---|
| Dewey Decimal Classification | Baccah | Central Library | Central Library | First floor | 01/02/2012 | 387.00 | 13955 | 330.126 TUR | 000025959 | 15/07/2025 | Book - Borrowing |